Oiseaux par images A-Z - Statistiques

Statistiques générales
  • Ce quiz a été pris 254 fois
  • Le résultat moyen est 15 sur 24
Statistiques - réponses
Par images Réponse % Correct
Canard colvert
99%
Flamant Rose
98%
Dindon
97%
Vautour fauve
92%
Héron
91%
Oie
91%
Rouge-gorge
91%
Toucan
91%
Pic Vert
87%
Geai
73%
Épervier
69%
Albatros
67%
Ibis
66%
Macareux moine
66%
Bécasse
59%
Spatule rosée
56%
Quetzal
47%
Nandou
38%
Urubu
35%
Loriot
34%
Kookaburra
14%
Jabiru
7%
Zostérops
4%
Xénique
2%
Aucun quiz correspondant
Distribution des résultats
% des personnes avec chaque résultat
Percentile par nombre de réponses
Votre historique - résultats
Vous n’avez pas pris ce quiz